Azərbaycan mətbəxi - Armageddon - Statistics

General Stats
  • This quiz has been taken 37 times
  • The average score is 5 of 11
Answers on the Grid
Answers color-coded by a green-red scale on the quiz's grid according to % correct below.
Bozbaş
Pelmeni
Qutab
Baba qanuş
Dovğa
Beşbarmaq
Piti
Düşbərə
Badambura
Xaçapuri
Çaxoxbili
Qoğal
Ləvəngi
Kumpir
Xaş
Mirzə Qasımı
Cız-bız
Umac
Borş
Lobio
 
Answer Stats
Answer % Correct
Bozbaş
73%
Dovğa
60%
Cız-bız
53%
Düşbərə
53%
Ləvəngi
47%
Qoğal
47%
Qutab
47%
Badambura
40%
Piti
40%
Xaş
33%
Umac
20%
No matching quizzes found
Score Distribution
Percent of People with Each Score
Percentile by Number Answered
Your Score History
You have not taken this quiz